000 00340nam a22001457a 4500
003 OSt
005 20160727222456.0
008 160705b xxu||||| |||| 00| 0 eng d
040 _cTEST
100 _92171
_a Raghavan, N
245 _aI Wonde Why
260 _aN.D
_b Children Books Trust
_c2004
300 _aI Wonde Why
942 _2ddc
_cBK
999 _c1863
_d1863